000
00284nam a2200097Ia 4500
008
230206s9999 xx 000 0 und d
041
_a
eng
100
_a
Shyam Malhotra, Ed. & L. Subramanyan, Chief Editor
_9
119190
245
_a
Dataquest
260
_c
1999
_b
Cyber media Ind. Ltd.
_a
New Delhi
999
_c
97638
_d
97638